000 00555nam a2200205Ia 4500
005 20250508160420.0
008 008 250505s9999 xx 000 0 eng d
037 _aTextual
040 _aFEDL
_beng
_cFEDL
041 _aeng
_2eng
084 _a150.9, WOO
_qFEDL
100 _aWoodworth Robert S
245 0 _aContemporary schools of psychology
260 _aLondon, UK
_bMethuen and Co. Ltd.
_c1964
300 _aviii,457p
365 _aINR
_b41
650 _aPsychology
942 _cTEXL
_h150.9, WOO
999 _c1364477
_d1364477